Historia universal
Guardat en:
| Autors principals: | , , |
|---|---|
| Format: | Llibre |
| Idioma: | espanyol |
| Publicat: |
Ciudad de México
International Thomson
2004
|
| Matèries: | |
| Etiquetes: |
Afegir etiqueta
Sense etiquetes, Sigues el primer a etiquetar aquest registre!
|
MARC
| LEADER | 00000nam a2200000 a 4500 | ||
|---|---|---|---|
| 001 | UCK4912 | ||
| 003 | CL-VaPUC | ||
| 008 | 050701e20040000MX |||||||||||||||||spa|d | ||
| 020 | |a 9706862897 | ||
| 082 | 0 | 4 | |a 909 |b VAZ |2 21 |
| 100 | 0 | |a Vázquez Segura, María de la Luz |e author |9 493534 | |
| 700 | 0 | |a Gómez Sañudo, Consuelo |e author |9 493535 | |
| 700 | 0 | |a Lugo Vázquez, Carolina |e author |9 493536 | |
| 245 | 1 | 0 | |a Historia universal |
| 300 | |a 337 p | ||
| 942 | |c BK | ||
| 945 | |d 20050701 00:00:00 |a cmena | ||
| 260 | |a Ciudad de México |b International Thomson |c 2004 | ||
| 650 | 0 | |a Historiografía |9 257871 | |
| 650 | 0 | |a Enseñanza de la historia |9 307330 | |
| 650 | 0 | |a Revolución industrial |9 309422 | |
| 650 | 0 | |a Colonización |9 265172 | |
| 650 | 0 | |a Imperialismo |9 258264 | |
| 650 | 0 | |a Primera Guerra Mundial |9 373283 | |
| 650 | 0 | |a Segunda Guerra Mundial |9 325982 | |
| 650 | 0 | |a Capitalismo |9 255255 | |
| 650 | 0 | |a Socialismo |9 255260 | |
| 583 | |a last modification |c 20050701 00:00:00 |k Rodrigo Vera | ||
| 999 | |c 313620 |d 313618 | ||
| 952 | |0 0 |1 0 |4 0 |6 909_000000000000000_VAZ_2004 |7 0 |8 A |9 385053 |a BIBHIS |b BIBHIS |d 2019-11-22 |i 4141199 |o 909 VAZ 2004 |p 4141199 |r 2025-01-20 |w 2019-11-22 |y BK |k HIS | ||